| 000 | 00816nam a22002297a 4500 | ||
|---|---|---|---|
| 999 |
_c17413 _d17413 |
||
| 003 | AR-CdUCM | ||
| 008 | 190508b ||||| |||| 00| 0 spa d | ||
| 040 |
_aMUNICIPALIDAD PROVINCIAL DEL CUSCO _cBIBLIOTECA MUNICIPAL DEL CUSCO |
||
| 082 |
_a160 / _bG67 |
||
| 100 |
_aGortari, Eli de _937415 |
||
| 245 |
_aPrincipios de lógica : _bLa lógica como disciplina filosófica / |
||
| 260 |
_aMéxico : _bGrijalbo, _c1971. |
||
| 300 |
_a159 paginas ; _c17 cm. |
||
| 440 |
_aColeccion 70 _ntercera serie _935453 |
||
| 505 | _aContenido :La lógica como disciplina filosófica --Diversas concepciones de la lógica --La investigación lógica / | ||
| 650 |
_aLogica _92358 |
||
| 650 |
_aFilosofía _9395 |
||
| 700 |
_aP. Gorski _937416 |
||
| 700 |
_aV.Tavanst _937417 |
||
| 942 |
_2ddc _cLIBROS |
||
| 945 |
_arjall _d2019-05-08 |
||